[Event "Veyangoda Queenstar op"]
[Site "Veyangoda"]
[Date "2023.04.17"]
[Round "3"]
[White "Mirzoev, Azer"]
[Black "Deshappriya, D Kalindu"]
[Result "1-0"]
[WhiteElo "2437"]
[BlackElo "1437"]
[PlyCount "61"]
[EventDate "2023.04.16"]
[EventType "swiss"]
[EventRounds "9"]
[EventCountry "SRI"]
[SourceTitle "EXT 2024"]
[Source "ChessBase"]
[SourceDate "2023.10.10"]
[SourceVersion "1"]
[SourceVersionDate "2023.10.10"]
[SourceQuality "1"]

1. d4 Nf6 2. Nf3 g6 3. Nbd2 Bg7 4. e4 d6 5. c3 0-0 6. Bd3 c5 7. 0-0 cxd4 8. cxd4 Nc6 9. h3 Nd7 10. Nb3 a5 11. a4 Nb4 12. Bb5 Nf6 13. Qe2 Be6 14. d5 Bd7 15. Nfd4 Rc8 16. Bxd7 Nxd7 17. Be3 Ne5 18. Rfc1 Qd7 19. Rc3 Ned3 20. Rxd3 Nxd3 21. Qxd3 Ra8 22. Bd2 Rfc8 23. Bc3 Qc7 24. Nd2 Qb6 25. g3 Qa6 26. Nb5 Bxc3 27. bxc3 Rc5 28. Kg2 Rac8 29. Qd4 Rf8 30. e5 e6 31. Ne4 1-0